000 00313nam a2200121Ia 4500
008 220204s9999 xx 000 0 und d
082 _a002.604861
_bLEE
100 _aLeeming, J J
245 0 _aStatistical methods for engineers
260 _aLondon
_bBlackie
_c1969
650 _aEngineers statistics
942 _cBK
999 _c27652
_d27652